LEADER 01047cam0-22003251i-450- 001 990004522000403321 005 20160512113202.0 035 $a000452200 035 $aFED01000452200 035 $a(Aleph)000452200FED01 035 $a000452200 100 $a19990604d1931----km-y0itay50------ba 101 0 $aeng 102 $aUS 105 $ay---m---001yc 200 1 $a<>life of the North Africans$eas revealed in the sermons of Saint Augustine$fby Sister Marie Madeleine Getty 210 $aWashington$cThe Catholic University of America$d1931 215 $aXV, 158 p.$d24 cm 225 1 $aPatristic studies$fThe Catholic University of America$v28 610 0 $aAfrica $aVita sociale$aFonti patristiche 676 $a189 676 $a939.7$v19 700 1$aGetty,$bMarie Madeleine$0180983 801 0$aIT$bUNINA$gRICA$2UNIMARC 901 $aBK 912 $a990004522000403321 952 $aP.1 AGOST/S 96$bBibl. 27619$fFLFBC 959 $aFLFBC 996 $aLife of the North Africans$9548120 997 $aUNINA LEADER 00848nam0-22003251i-450- 001 990008122670403321 005 20050601104400.0 010 $a0415032199 035 $a000812267 035 $aFED01000812267 035 $a(Aleph)000812267FED01 035 $a000812267 100 $a20050601d1992----km-y0itay50------ba 101 0 $aeng 102 $aGB 105 $ay---n----00yy 200 1 $aLucullus$ea life$fArthur Keaveney 210 $aLondon New York$dc1992 215 $aX, 275 p.$d23 cm 225 1 $aClassical lives 676 $a937.050924$v19$zita 676 $a937.050924$v20$zita 700 1$aKeaveney,$bArthur$0295424 801 0$aIT$bUNINA$gRICA$2UNIMARC 901 $aBK 912 $a990008122670403321 952 $aDDR-XX Cb 093$b2568 ddr$fDDR$m21-6737 959 $aDDR 996 $aLucullus$9758620 997 $aUNINA